[Event "DEM U18w 2021"]
[Site "Willingen GER"]
[Date "2021.08.23"]
[Round "1"]
[White "Peglau, Dora"]
[Black "Nizamova, Rita"]
[Result "1-0"]
[Termination "normal"]
[Board "2"]
[WhiteElo "1906"]
[BlackElo "1754"]
[WhiteClock "00:01:36"]
[BlackClock "00:01:52"]
[PlyCount "79"]
[WhiteFideId "16220005"]
[BlackFideId "16221940"]
[EventCountry "GER"]
[EventRounds "9"]
[EventType "swiss"]
[EventDate "2021.08.22"]

1. d4 {[%clk 1:30:57]} Nf6 {[%clk 1:30:52]} 2. c4 {[%clk 1:31:22]} c5 {[%clk
1:31:16]} 3. d5 {[%clk 1:31:40]} b5 {[%clk 1:31:40]} 4. cxb5 {[%clk 1:32:05]}
a6 {[%clk 1:32:02]} 5. bxa6 {[%clk 1:32:30]} Bxa6 {[%clk 1:32:28]} 6. Nc3
{[%clk 1:32:20]} g6 {[%clk 1:32:13]} 7. e4 {[%clk 1:32:08]} Bxf1 {[%clk
1:32:35]} 8. Kxf1 {[%clk 1:32:33]} d6 {[%clk 1:32:58]} 9. g3 {[%clk 1:31:42]}
Bg7 {[%clk 1:33:12]} 10. Kg2 {[%clk 1:30:17]} O-O {[%clk 1:33:06]} 11. f4
{[%clk 1:29:02]} Nbd7 {[%clk 1:31:20]} 12. Nf3 {[%clk 1:27:20]} Qb6 {[%clk
1:28:54]} 13. Nd2 {[%clk 1:23:12]} Rfb8 {[%clk 1:23:34]} 14. Nc4 {[%clk
1:10:35]} Qa6 {[%clk 1:20:35]} 15. Qf1 {[%clk 0:54:30]} Rb4 {[%clk 1:08:39]}
16. Nd2 {[%clk 0:53:27]} Qb7 {[%clk 0:58:40]} 17. Qe2 {[%clk 0:42:24]} Ne8
{[%clk 0:39:43]} 18. Re1 {[%clk 0:30:08]} Nc7 {[%clk 0:28:41]} 19. a3 {[%clk
0:25:42]} Rxb2 {[%clk 0:20:15]} 20. Bxb2 {[%clk 0:04:06]} Qxb2 {[%clk 0:20:16]}
21. Na2 {[%clk 0:01:06]} Qc2 {[%clk 0:07:17]} 22. Rec1 {[%clk 0:00:48]} Qb2
{[%clk 0:07:22]} 23. Rcb1 {[%clk 0:00:35]} Qxa3 {[%clk 0:05:40]} 24. Nc4 {[%clk
0:00:38]} Qa7 {[%clk 0:04:14]} 25. Nc3 {[%clk 0:00:37]} Na6 {[%clk 0:04:23]}
26. Ra3 {[%clk 0:00:34]} Bxc3 {[%clk 0:03:15]} 27. Rxc3 {[%clk 0:01:03]} Nb4
{[%clk 0:03:43]} 28. Ra3 {[%clk 0:01:04]} Qb8 {[%clk 0:03:47]} 29. Rba1 {[%clk
0:00:59]} Rxa3 {[%clk 0:02:54]} 30. Rxa3 {[%clk 0:01:28]} Nf6 {[%clk 0:01:42]}
31. Kf3 {[%clk 0:00:32]} h5 {[%clk 0:01:20]} 32. h3 {[%clk 0:00:37]} Qc8 {[%clk
0:01:16]} 33. Kg2 {[%clk 0:01:03]} Qd7 {[%clk 0:01:05]} 34. Ra8+ {[%clk
0:00:34]} Kg7 {[%clk 0:01:15]} 35. Nb6 {[%clk 0:00:32]} Qb7 {[%clk 0:01:21]}
36. Qb5 {[%clk 0:00:36]} Nxe4 {[%clk 0:00:58]} 37. Qe8 {[%clk 0:00:49]} Kf6
{[%clk 0:00:57]} 38. Nd7+ {[%clk 0:01:02]} Kf5 {[%clk 0:01:25]} 39. Qxf7+
{[%clk 0:01:19]} Nf6 {[%clk 0:01:52]} 40. Qe6# {[%clk 0:01:36]} 1-0

[Event "DEM U18w 2021"]
[Site "Willingen GER"]
[Date "2021.08.23"]
[Round "1"]
[White "Cheredzhiyska, Iva"]
[Black "Bui, Ngoc Han Julia"]
[Result "0-1"]
[Termination "normal"]
[Board "3"]
[WhiteElo "1571"]
[BlackElo "1891"]
[WhiteClock "00:01:01"]
[BlackClock "00:07:36"]
[PlyCount "126"]
[WhiteFideId "16241622"]
[BlackFideId "12977055"]
[EventCountry "GER"]
[EventRounds "9"]
[EventType "swiss"]
[EventDate "2021.08.22"]

1. e4 {[%clk 1:30:43]} c5 {[%clk 1:30:54]} 2. Nf3 {[%clk 1:31:06]} d6 {[%clk
1:31:16]} 3. d4 {[%clk 1:31:28]} cxd4 {[%clk 1:31:40]} 4. Nxd4 {[%clk 1:31:54]}
Nf6 {[%clk 1:31:50]} 5. Nc3 {[%clk 1:32:06]} a6 {[%clk 1:32:16]} 6. Bd3 {[%clk
1:32:18]} e6 {[%clk 1:31:46]} 7. O-O {[%clk 1:28:34]} Be7 {[%clk 1:32:00]} 8.
f4 {[%clk 1:22:17]} O-O {[%clk 1:32:16]} 9. Kh1 {[%clk 1:21:14]} Nbd7 {[%clk
1:18:35]} 10. f5 {[%clk 0:59:29]} Ne5 {[%clk 1:10:36]} 11. Be2 {[%clk 0:55:45]}
b5 {[%clk 1:09:24]} 12. a3 {[%clk 0:48:47]} Bd7 {[%clk 0:55:10]} 13. g4 {[%clk
0:41:13]} d5 {[%clk 0:30:31]} 14. Bf3 {[%clk 0:28:30]} Nxf3 {[%clk 0:26:08]}
15. Qxf3 {[%clk 0:28:26]} e5 {[%clk 0:23:12]} 16. Nde2 {[%clk 0:28:37]} dxe4
{[%clk 0:18:26]} 17. Nxe4 {[%clk 0:28:04]} Qc7 {[%clk 0:15:09]} 18. N2c3 {[%clk
0:25:56]} Nxe4 {[%clk 0:11:04]} 19. Nxe4 {[%clk 0:19:12]} f6 {[%clk 0:10:09]}
20. Nc3 {[%clk 0:16:20]} Bc6 {[%clk 0:09:38]} 21. Nd5 {[%clk 0:15:44]} Bxd5
{[%clk 0:10:02]} 22. Qxd5+ {[%clk 0:16:10]} Kh8 {[%clk 0:10:19]} 23. c3 {[%clk
0:15:26]} Rad8 {[%clk 0:10:14]} 24. Qg2 {[%clk 0:10:38]} Rd6 {[%clk 0:07:24]}
25. Be3 {[%clk 0:09:39]} Rfd8 {[%clk 0:06:57]} 26. Rae1 {[%clk 0:09:21]} Rd3
{[%clk 0:05:55]} 27. Bc1 {[%clk 0:09:24]} Qd7 {[%clk 0:05:20]} 28. h4 {[%clk
0:06:55]} Qc7 {[%clk 0:02:59]} 29. Re4 {[%clk 0:04:32]} Rd1 {[%clk 0:03:06]}
30. Rfe1 {[%clk 0:04:45]} Rxe1+ {[%clk 0:03:01]} 31. Rxe1 {[%clk 0:05:10]} Qc4
{[%clk 0:03:00]} 32. Re4 {[%clk 0:03:56]} Rd1+ {[%clk 0:02:29]} 33. Kh2 {[%clk
0:04:05]} Qd5 {[%clk 0:02:19]} 34. Be3 {[%clk 0:03:46]} Kg8 {[%clk 0:02:02]}
35. Bg1 {[%clk 0:02:27]} Bc5 {[%clk 0:01:12]} 36. Bxc5 {[%clk 0:02:27]} Qxc5
{[%clk 0:01:39]} 37. Re2 {[%clk 0:02:08]} Qd5 {[%clk 0:01:10]} 38. Qxd5+ {[%clk
0:00:55]} Rxd5 {[%clk 0:01:39]} 39. Kg2 {[%clk 0:00:57]} Kf7 {[%clk 0:01:18]}
40. Kf3 {[%clk 0:01:12]} Rd3+ {[%clk 0:00:57]} 41. Re3 {[%clk 0:27:24]} Rd2
{[%clk 0:29:43]} 42. Re2 {[%clk 0:21:44]} Rd1 {[%clk 0:26:42]} 43. Rg2 {[%clk
0:17:18]} g6 {[%clk 0:20:58]} 44. fxg6+ {[%clk 0:12:56]} Kxg6 {[%clk 0:21:21]}
45. h5+ {[%clk 0:10:12]} Kg5 {[%clk 0:21:17]} 46. Ke2 {[%clk 0:09:00]} Rb1
{[%clk 0:20:27]} 47. Kf3 {[%clk 0:06:16]} Rf1+ {[%clk 0:20:45]} 48. Kg3 {[%clk
0:06:42]} Rd1 {[%clk 0:20:04]} 49. Rf2 {[%clk 0:04:55]} Rg1+ {[%clk 0:20:06]}
50. Kf3 {[%clk 0:04:41]} Rxg4 {[%clk 0:20:07]} 51. Rh2 {[%clk 0:05:03]} f5
{[%clk 0:18:24]} 52. b3 {[%clk 0:02:34]} Kf6 {[%clk 0:16:43]} 53. Rc2 {[%clk
0:02:17]} e4+ {[%clk 0:16:45]} 54. Kf2 {[%clk 0:01:43]} Rh4 {[%clk 0:12:05]}
55. Kg3 {[%clk 0:00:58]} Rg4+ {[%clk 0:11:28]} 56. Kh3 {[%clk 0:00:42]} e3
{[%clk 0:10:13]} 57. Re2 {[%clk 0:01:04]} Re4 {[%clk 0:10:27]} 58. Kg3 {[%clk
0:01:11]} f4+ {[%clk 0:08:04]} 59. Kf3 {[%clk 0:01:34]} Kf5 {[%clk 0:08:07]}
60. h6 {[%clk 0:01:34]} Re6 {[%clk 0:08:09]} 61. Rh2 {[%clk 0:00:50]} Rg6
{[%clk 0:07:50]} 62. Rh5+ {[%clk 0:01:01]} Rg5 {[%clk 0:07:36]} 63. Rh1 Ke5 0-1

[Event "DEM U18w 2021"]
[Site "Willingen GER"]
[Date "2021.08.23"]
[Round "1"]
[White "Bardorz, Jana"]
[Black "Wagner, Victoria"]
[Result "0-1"]
[Termination "normal"]
[Board "4"]
[WhiteElo "1883"]
[BlackElo "1657"]
[PlyCount "78"]
[WhiteFideId "16208897"]
[BlackFideId "16232348"]
[EventCountry "GER"]
[EventRounds "9"]
[EventType "swiss"]
[EventDate "2021.08.22"]

1. e4 c5 2. Nf3 d6 3. d4 cxd4 4. Nxd4 Nf6 5. Nc3 a6 6. Bd3 e5 7. Nde2 Be7 8.
O-O O-O 9. Ng3 Be6 10. Nd5 Bxd5 11. exd5 Nbd7 12. Nf5 Re8 13. c4 Bf8 14. Bg5 e4
15. Bc2 Re5 16. g4 Qc7 17. b3 Ree8 18. Kh1 h6 19. Bxf6 Nxf6 20. Rg1 Nh7 21. h4
g5 22. h5 Re5 23. Qd4 Rae8 24. Rae1 Nf6 25. Rg3 b6 26. Rge3 Qc5 27. Qxc5 bxc5
28. f3 Nxh5 29. Rxe4 Rxe4 30. Bxe4 Nf4 31. Kh2 a5 32. Kg3 Rb8 33. Rh1 a4 34.
Nxh6+ Bxh6 35. Rxh6 axb3 36. axb3 Rxb3 37. Rxd6 Rb2 38. Rd8+ Kg7 39. d6 Rg2#
0-1

[Event "DEM U18w 2021"]
[Site "Willingen GER"]
[Date "2021.08.23"]
[Round "1"]
[White "Biermann, Sophie"]
[Black "Peglau, Sarah"]
[Result "0-1"]
[Termination "normal"]
[Board "5"]
[WhiteElo "1652"]
[BlackElo "1888"]
[PlyCount "92"]
[WhiteFideId "16208960"]
[BlackFideId "16219961"]
[EventCountry "GER"]
[EventRounds "9"]
[EventType "swiss"]
[EventDate "2021.08.22"]

1. d4 Nf6 2. Nf3 e6 3. Bf4 b6 4. e3 Nh5 5. Bg5 Be7 6. Bxe7 Qxe7 7. c3 f5 8. Ne5
Nf6 9. Qf3 d5 10. Nd2 O-O 11. h4 Nbd7 12. Ndc4 Bb7 13. Nxd7 Nxd7 14. O-O-O dxc4
15. Qxb7 Rab8 16. Qc6 b5 17. d5 exd5 18. Qxd5+ Rf7 19. Be2 Ne5 20. Rd4 b4 21.
Bxc4 bxc3 22. Bb3 cxb2+ 23. Kb1 c5 24. Qd6 Rxb3 25. Qd8+ Qf8 26. Qxf8+ Kxf8 27.
Rd5 Rb5 28. Rxe5 g6 29. Rd1 Re7 30. Rdd5 Rxe5 31. Rxe5 Kf7 32. a4 Kf6 33. f4
Rb3 34. Rxc5 Rxe3 35. Rc6+ Re6 36. Rc2 Re4 37. Rc6+ Kf7 38. Rc7+ Re7 39. Rc2
Rb7 40. a5 Ke6 41. Rxb2 Rxb2+ 42. Kxb2 Kd5 43. Kb3 Kc5 44. Kc3 h6 45. Kd3 Kd4+
46. Kxd4 h5 0-1

[Event "DEM U18w 2021"]
[Site "Willingen GER"]
[Date "2021.08.23"]
[Round "1"]
[White "Stowicek, Yara Mathilda"]
[Black "Schmidt, Antonia"]
[Result "1-0"]
[Termination "normal"]
[Board "6"]
[WhiteElo "1823"]
[BlackElo "1651"]
[WhiteClock "00:03:09"]
[BlackClock "00:00:57"]
[PlyCount "106"]
[WhiteFideId "16203569"]
[BlackFideId "16291280"]
[EventCountry "GER"]
[EventRounds "9"]
[EventType "swiss"]
[EventDate "2021.08.22"]

1. e4 {[%clk 1:30:58]} d6 {[%clk 1:30:58]} 2. d4 {[%clk 1:31:18]} Nf6 {[%clk
1:31:22]} 3. Nc3 {[%clk 1:31:38]} g6 {[%clk 1:31:44]} 4. Be3 {[%clk 1:31:45]}
Bg7 {[%clk 1:27:48]} 5. Qd2 {[%clk 1:31:45]} h6 {[%clk 1:18:11]} 6. h3 {[%clk
1:30:47]} a6 {[%clk 1:08:02]} 7. Bd3 {[%clk 1:29:30]} Nc6 {[%clk 1:06:38]} 8.
Nce2 {[%clk 1:25:17]} e5 {[%clk 0:58:50]} 9. Nf3 {[%clk 1:16:18]} Qe7 {[%clk
0:47:59]} 10. O-O-O {[%clk 1:02:22]} exd4 {[%clk 0:38:56]} 11. Nexd4 {[%clk
1:01:20]} Bd7 {[%clk 0:35:47]} 12. Rhe1 {[%clk 0:57:37]} O-O-O {[%clk 0:26:43]}
13. Qc3 {[%clk 0:51:27]} Nb8 {[%clk 0:21:38]} 14. Nd2 {[%clk 0:48:16]} Be6
{[%clk 0:18:31]} 15. Nxe6 {[%clk 0:46:00]} fxe6 {[%clk 0:18:49]} 16. Nc4 {[%clk
0:44:59]} Nc6 {[%clk 0:16:41]} 17. Qb3 {[%clk 0:42:09]} d5 {[%clk 0:13:39]} 18.
exd5 {[%clk 0:39:51]} Nxd5 {[%clk 0:11:31]} 19. Bxg6 {[%clk 0:30:05]} b5 {[%clk
0:09:04]} 20. Qa3 {[%clk 0:13:24]} bxc4 {[%clk 0:06:05]} 21. Qxa6+ {[%clk
0:12:55]} Kb8 {[%clk 0:05:06]} 22. Qxc4 {[%clk 0:03:22]} Qb4 {[%clk 0:04:10]}
23. Qxb4+ {[%clk 0:03:03]} Ndxb4 {[%clk 0:02:16]} 24. a3 {[%clk 0:03:22]} Nd5
{[%clk 0:02:34]} 25. Bc5 {[%clk 0:03:35]} Bf8 {[%clk 0:01:36]} 26. Bxf8 {[%clk
0:03:03]} Rhxf8 {[%clk 0:01:51]} 27. Rxe6 {[%clk 0:03:16]} Nde7 {[%clk
0:01:12]} 28. Be4 {[%clk 0:02:55]} Nd4 {[%clk 0:00:54]} 29. Rxd4 {[%clk
0:01:42]} Rxd4 {[%clk 0:01:21]} 30. Rxe7 {[%clk 0:02:04]} Rxf2 {[%clk 0:01:38]}
31. Bd3 {[%clk 0:01:28]} Kc8 {[%clk 0:00:45]} 32. Re2 {[%clk 0:01:40]} Rf6
{[%clk 0:00:52]} 33. Kd2 {[%clk 0:01:57]} c5 {[%clk 0:01:17]} 34. Kc3 {[%clk
0:01:56]} Rdf4 {[%clk 0:01:36]} 35. b4 {[%clk 0:02:09]} c4 {[%clk 0:00:58]} 36.
Be4 {[%clk 0:02:04]} Ra6 {[%clk 0:00:50]} 37. Kxc4 {[%clk 0:02:03]} Rxa3 {[%clk
0:01:00]} 38. c3 {[%clk 0:01:57]} Ra7 {[%clk 0:01:18]} 39. Kb5 {[%clk 0:01:40]}
Rf6 {[%clk 0:01:05]} 40. c4 {[%clk 0:01:36]} Kc7 {[%clk 0:00:42]} 41. c5 {[%clk
0:01:12]} Ra1 {[%clk 0:29:48]} 42. Kc4 {[%clk 0:27:51]} Rf4 {[%clk 0:25:37]}
43. b5 {[%clk 0:23:45]} Rc1+ {[%clk 0:22:33]} 44. Kd5 {[%clk 0:23:40]} Rf8
{[%clk 0:20:59]} 45. b6+ {[%clk 0:21:31]} Kd7 {[%clk 0:17:50]} 46. Rc2 {[%clk
0:14:17]} Rd1+ {[%clk 0:09:25]} 47. Kc4 {[%clk 0:10:09]} Rf4 {[%clk 0:08:26]}
48. Re2 {[%clk 0:08:44]} Ra1 {[%clk 0:05:17]} 49. c6+ {[%clk 0:07:24]} Kd6
{[%clk 0:02:26]} 50. Kb5 {[%clk 0:04:33]} Rh4 {[%clk 0:00:33]} 51. c7 {[%clk
0:03:27]} Rh5+ {[%clk 0:00:55]} 52. Kb4 {[%clk 0:03:31]} Rc1 {[%clk 0:00:57]}
53. Rd2+ {[%clk 0:03:09]} Kd5 1-0

[Event "DEM U18w 2021"]
[Site "Willingen GER"]
[Date "2021.08.23"]
[Round "1"]
[White "Peschel, Julia"]
[Black "Fock, Amina"]
[Result "1-0"]
[Termination "normal"]
[Board "7"]
[WhiteElo "1410"]
[BlackElo "1828"]
[WhiteClock "00:26:57"]
[BlackClock "00:15:47"]
[PlyCount "89"]
[WhiteFideId "16255593"]
[BlackFideId "12981982"]
[EventCountry "GER"]
[EventRounds "9"]
[EventType "swiss"]
[EventDate "2021.08.22"]

1. e4 {[%clk 1:30:56]} c5 {[%clk 1:30:52]} 2. c3 {[%clk 1:31:19]} d5 {[%clk
1:31:14]} 3. exd5 {[%clk 1:31:31]} Qxd5 {[%clk 1:31:34]} 4. d4 {[%clk 1:31:46]}
Nf6 {[%clk 1:31:52]} 5. Nf3 {[%clk 1:31:17]} Bg4 {[%clk 1:32:02]} 6. Nbd2
{[%clk 1:30:39]} e6 {[%clk 1:25:07]} 7. Bc4 {[%clk 1:26:51]} Qd8 {[%clk
1:20:57]} 8. Qa4+ {[%clk 1:14:37]} Nbd7 {[%clk 1:13:55]} 9. Ne5 {[%clk
1:07:58]} a6 {[%clk 1:05:23]} 10. Nxg4 {[%clk 1:05:27]} Nxg4 {[%clk 1:02:51]}
11. Qd1 {[%clk 1:04:34]} Ngf6 {[%clk 0:54:02]} 12. Nf3 {[%clk 1:02:28]} b5
{[%clk 0:48:08]} 13. Bb3 {[%clk 1:02:23]} c4 {[%clk 0:47:11]} 14. Bc2 {[%clk
1:02:23]} Qc7 {[%clk 0:40:39]} 15. O-O {[%clk 1:00:38]} Bd6 {[%clk 0:37:37]}
16. h3 {[%clk 1:00:16]} O-O {[%clk 0:32:04]} 17. Re1 {[%clk 0:54:51]} Nd5
{[%clk 0:28:37]} 18. Ng5 {[%clk 0:30:26]} h6 {[%clk 0:19:41]} 19. Bh7+ {[%clk
0:13:13]} Kh8 {[%clk 0:20:01]} 20. Bc2 {[%clk 0:13:01]} N7f6 {[%clk 0:14:52]}
21. Ne4 {[%clk 0:12:27]} Be7 {[%clk 0:14:34]} 22. Qf3 {[%clk 0:11:45]} Rad8
{[%clk 0:10:20]} 23. Nxf6 {[%clk 0:10:20]} Nxf6 {[%clk 0:10:43]} 24. Bf4 {[%clk
0:10:33]} Qa5 {[%clk 0:07:58]} 25. Qe3 {[%clk 0:06:50]} Ng8 {[%clk 0:05:59]}
26. Qe4 {[%clk 0:06:08]} g6 {[%clk 0:05:25]} 27. Re3 {[%clk 0:05:58]} Nf6
{[%clk 0:03:52]} 28. Be5 {[%clk 0:06:01]} Kh7 {[%clk 0:03:55]} 29. Qb7 {[%clk
0:02:28]} Nd5 {[%clk 0:02:14]} 30. Rf3 {[%clk 0:02:38]} Ra8 {[%clk 0:01:40]}
31. Be4 {[%clk 0:01:42]} Qd8 {[%clk 0:01:52]} 32. Re1 {[%clk 0:01:08]} Kg8
{[%clk 0:00:44]} 33. Bxd5 {[%clk 0:00:49]} exd5 {[%clk 0:01:08]} 34. Bf4 {[%clk
0:00:46]} Bg5 {[%clk 0:00:44]} 35. Bxg5 {[%clk 0:00:40]} hxg5 {[%clk 0:01:04]}
36. Qe7 {[%clk 0:00:43]} Qxe7 {[%clk 0:01:12]} 37. Rxe7 {[%clk 0:01:11]} Rae8
{[%clk 0:01:03]} 38. Rfe3 {[%clk 0:01:09]} Rxe7 {[%clk 0:00:55]} 39. Rxe7
{[%clk 0:01:34]} Rd8 {[%clk 0:00:53]} 40. Re5 {[%clk 0:01:20]} Kg7 {[%clk
0:00:38]} 41. Rxg5 {[%clk 0:00:58]} f5 {[%clk 0:29:06]} 42. Rg3 {[%clk
0:29:45]} Re8 {[%clk 0:25:09]} 43. Re3 {[%clk 0:27:25]} Rxe3 {[%clk 0:23:48]}
44. fxe3 {[%clk 0:27:48]} Kf6 {[%clk 0:15:47]} 45. Kf2 {[%clk 0:26:57]} 1-0

[Event "DEM U18w 2021"]
[Site "Willingen GER"]
[Date "2021.08.23"]
[Round "1"]
[White "Rudolph, Eva"]
[Black "Schilay, Maria"]
[Result "1-0"]
[Termination "normal"]
[Board "8"]
[WhiteElo "1790"]
[BlackElo "1481"]
[WhiteClock "00:13:38"]
[BlackClock "00:02:43"]
[PlyCount "55"]
[WhiteFideId "16200594"]
[BlackFideId "12942979"]
[EventCountry "GER"]
[EventRounds "9"]
[EventType "swiss"]
[EventDate "2021.08.22"]

1. e4 {[%clk 1:30:57]} e5 {[%clk 1:30:47]} 2. Nf3 {[%clk 1:31:20]} Nc6 {[%clk
1:30:56]} 3. Bb5 {[%clk 1:31:42]} a6 {[%clk 1:30:24]} 4. Ba4 {[%clk 1:32:04]}
Nf6 {[%clk 1:28:28]} 5. O-O {[%clk 1:32:08]} b5 {[%clk 1:25:06]} 6. Bb3 {[%clk
1:32:24]} Bc5 {[%clk 1:20:25]} 7. Nxe5 {[%clk 1:31:08]} Nxe5 {[%clk 1:17:31]}
8. d4 {[%clk 1:31:30]} Nc6 {[%clk 1:02:31]} 9. dxc5 {[%clk 1:29:07]} h6 {[%clk
0:54:36]} 10. e5 {[%clk 1:23:07]} Nh7 {[%clk 0:49:53]} 11. Qg4 {[%clk 0:58:10]}
Kf8 {[%clk 0:40:31]} 12. Nc3 {[%clk 0:37:04]} Nxe5 {[%clk 0:32:35]} 13. Qe4
{[%clk 0:29:47]} Nc6 {[%clk 0:29:36]} 14. Qd5 {[%clk 0:27:05]} Qe7 {[%clk
0:24:15]} 15. Bf4 {[%clk 0:25:37]} Nf6 {[%clk 0:21:41]} 16. Qd2 {[%clk
0:23:50]} Ra7 {[%clk 0:12:29]} 17. Rae1 {[%clk 0:20:17]} Qxc5 {[%clk 0:07:25]}
18. Be3 {[%clk 0:19:52]} Qh5 {[%clk 0:04:49]} 19. Bxa7 {[%clk 0:18:29]} Nxa7
{[%clk 0:04:46]} 20. Nd5 {[%clk 0:15:49]} Qf5 {[%clk 0:01:57]} 21. Nxf6 {[%clk
0:15:20]} Qxf6 {[%clk 0:01:51]} 22. Qe3 {[%clk 0:15:29]} Kg8 {[%clk 0:02:13]}
23. Qxa7 {[%clk 0:15:26]} d6 {[%clk 0:01:57]} 24. Qxc7 {[%clk 0:13:02]} Bf5
{[%clk 0:01:49]} 25. Re8+ {[%clk 0:12:36]} Kh7 {[%clk 0:02:11]} 26. Rxh8+
{[%clk 0:12:50]} Kxh8 {[%clk 0:02:32]} 27. Qxf7 {[%clk 0:13:14]} Qxf7 {[%clk
0:02:43]} 28. Bxf7 {[%clk 0:13:38]} 1-0

[Event "DEM U18w 2021"]
[Site "Willingen GER"]
[Date "2021.08.23"]
[Round "1"]
[White "Zell, Hannah"]
[Black "Basovskiy, Jana"]
[Result "1/2-1/2"]
[Termination "normal"]
[Board "9"]
[WhiteElo "1614"]
[BlackElo "1784"]
[WhiteClock "00:00:33"]
[BlackClock "00:01:13"]
[PlyCount "76"]
[WhiteFideId "16208900"]
[BlackFideId "16208617"]
[EventCountry "GER"]
[EventRounds "9"]
[EventType "swiss"]
[EventDate "2021.08.22"]

1. e4 {[%clk 1:30:56]} c5 {[%clk 1:30:57]} 2. Nf3 {[%clk 1:31:13]} e6 {[%clk
1:31:23]} 3. d4 {[%clk 1:31:30]} cxd4 {[%clk 1:31:48]} 4. Nxd4 {[%clk 1:31:43]}
Nf6 {[%clk 1:32:12]} 5. Nc3 {[%clk 1:31:46]} Nc6 {[%clk 1:32:36]} 6. g3 {[%clk
1:31:47]} Bb4 {[%clk 1:28:08]} 7. Bg2 {[%clk 1:27:04]} d5 {[%clk 1:22:51]} 8.
exd5 {[%clk 1:11:30]} Nxd5 {[%clk 1:22:00]} 9. Nxc6 {[%clk 1:04:40]} bxc6
{[%clk 1:21:21]} 10. Bd2 {[%clk 1:00:33]} O-O {[%clk 1:07:03]} 11. Nxd5 {[%clk
0:39:40]} Bxd2+ {[%clk 1:06:41]} 12. Qxd2 {[%clk 0:39:57]} exd5 {[%clk
0:52:52]} 13. O-O {[%clk 0:37:45]} Qf6 {[%clk 0:51:57]} 14. c3 {[%clk 0:36:02]}
Rb8 {[%clk 0:44:44]} 15. Rfe1 {[%clk 0:23:55]} Be6 {[%clk 0:44:10]} 16. b3
{[%clk 0:20:54]} a5 {[%clk 0:41:02]} 17. Rad1 {[%clk 0:14:18]} Bg4 {[%clk
0:34:23]} 18. Rc1 {[%clk 0:13:37]} Rfd8 {[%clk 0:27:59]} 19. Qe3 {[%clk
0:06:44]} Be6 {[%clk 0:20:00]} 20. Qc5 {[%clk 0:01:10]} Rdc8 {[%clk 0:18:43]}
21. b4 {[%clk 0:00:38]} Rb5 {[%clk 0:15:25]} 22. Qe3 {[%clk 0:00:33]} axb4
{[%clk 0:12:57]} 23. cxb4 {[%clk 0:00:55]} g6 {[%clk 0:12:09]} 24. a3 {[%clk
0:00:39]} Bd7 {[%clk 0:10:46]} 25. Qc3 {[%clk 0:00:34]} Qxc3 {[%clk 0:09:04]}
26. Rxc3 {[%clk 0:01:02]} Kf8 {[%clk 0:09:32]} 27. Rd3 {[%clk 0:00:35]} Bf5
{[%clk 0:08:43]} 28. Rd4 {[%clk 0:00:39]} Ra8 {[%clk 0:08:41]} 29. Ra1 {[%clk
0:00:32]} Rab8 {[%clk 0:03:54]} 30. Rc1 {[%clk 0:00:35]} R5b6 {[%clk 0:03:58]}
31. Bf1 {[%clk 0:00:41]} Ke7 {[%clk 0:03:47]} 32. Rc3 {[%clk 0:00:31]} Kd6
{[%clk 0:03:49]} 33. f4 {[%clk 0:00:46]} Bc8 {[%clk 0:03:01]} 34. Kf2 {[%clk
0:00:39]} Ra8 {[%clk 0:02:38]} 35. Rd2 {[%clk 0:00:42]} Ba6 {[%clk 0:02:41]}
36. Bxa6 {[%clk 0:00:51]} Rbxa6 {[%clk 0:03:10]} 37. Rdd3 {[%clk 0:00:36]} Rb6
{[%clk 0:01:13]} 38. Rc5 {[%clk 0:00:33]} Ke5 1/2-1/2

[Event "DEM U18w 2021"]
[Site "Willingen GER"]
[Date "2021.08.23"]
[Round "1"]
[White "Falke, Ornella"]
[Black "Jacoby, Angelina"]
[Result "1/2-1/2"]
[Termination "normal"]
[Board "10"]
[WhiteElo "1674"]
[BlackElo "1594"]
[WhiteClock "00:07:06"]
[BlackClock "00:01:19"]
[PlyCount "129"]
[WhiteFideId "16207092"]
[BlackFideId "12999008"]
[EventCountry "GER"]
[EventRounds "9"]
[EventType "swiss"]
[EventDate "2021.08.22"]

1. e4 {[%clk 1:30:44]} d5 {[%clk 1:30:28]} 2. exd5 {[%clk 1:31:07]} Qxd5 {[%clk
1:30:49]} 3. Nc3 {[%clk 1:31:30]} Qd8 {[%clk 1:31:11]} 4. d4 {[%clk 1:31:37]}
Nf6 {[%clk 1:31:08]} 5. Bc4 {[%clk 1:31:15]} c6 {[%clk 1:27:03]} 6. Nf3 {[%clk
1:31:21]} Bg4 {[%clk 1:27:13]} 7. Ne5 {[%clk 1:30:59]} Be6 {[%clk 1:26:06]} 8.
Bxe6 {[%clk 1:29:34]} fxe6 {[%clk 1:26:29]} 9. g4 {[%clk 1:27:09]} g6 {[%clk
1:24:15]} 10. g5 {[%clk 1:15:56]} Nfd7 {[%clk 1:22:36]} 11. Bf4 {[%clk
1:13:53]} Bg7 {[%clk 1:02:53]} 12. Qg4 {[%clk 1:13:14]} Nxe5 {[%clk 0:53:54]}
13. Bxe5 {[%clk 1:12:59]} Bxe5 {[%clk 0:51:14]} 14. dxe5 {[%clk 1:13:25]} Kf7
{[%clk 0:48:33]} 15. Qb4 {[%clk 1:07:34]} Qc7 {[%clk 0:45:30]} 16. O-O-O {[%clk
1:05:31]} Nd7 {[%clk 0:25:12]} 17. Rhe1 {[%clk 1:05:27]} a6 {[%clk 0:12:56]}
18. Qf4+ {[%clk 1:05:31]} Kg7 {[%clk 0:12:30]} 19. Rd3 {[%clk 0:59:42]} Rhf8
{[%clk 0:12:01]} 20. Qh4 {[%clk 0:59:17]} Nxe5 {[%clk 0:09:34]} 21. Rh3 {[%clk
0:56:41]} h5 {[%clk 0:08:08]} 22. gxh6+ {[%clk 0:53:29]} Kh7 {[%clk 0:08:20]}
23. Qg3 {[%clk 0:43:50]} Rf5 {[%clk 0:08:21]} 24. Ne4 {[%clk 0:43:14]} Qa5
{[%clk 0:04:49]} 25. f4 {[%clk 0:41:04]} Nf7 {[%clk 0:03:47]} 26. Rg1 {[%clk
0:39:22]} Rg8 {[%clk 0:03:46]} 27. a3 {[%clk 0:37:10]} e5 28. Qh4 {[%clk
0:28:39]} Qc7 {[%clk 0:02:12]} 29. Ng5+ {[%clk 0:24:50]} Nxg5 {[%clk 0:01:18]}
30. fxg5 {[%clk 0:25:07]} Rgf8 {[%clk 0:01:05]} 31. Qe1 {[%clk 0:24:33]} Qd7
{[%clk 0:00:53]} 32. Re3 {[%clk 0:24:16]} Qd4 {[%clk 0:01:01]} 33. h4 {[%clk
0:19:37]} Qf4 {[%clk 0:00:51]} 34. Kb1 {[%clk 0:19:00]} Rd8 {[%clk 0:00:58]}
35. Re4 {[%clk 0:17:44]} Qh2 {[%clk 0:00:56]} 36. Rh1 {[%clk 0:17:24]} Qg2
{[%clk 0:00:41]} 37. Re2 {[%clk 0:16:29]} Qd5 {[%clk 0:00:33]} 38. Qg1 {[%clk
0:14:21]} Qf3 {[%clk 0:00:33]} 39. Reh2 {[%clk 0:13:39]} Rd4 {[%clk 0:00:35]}
40. h5 {[%clk 0:12:57]} Rd6 {[%clk 0:00:58]} 41. hxg6+ {[%clk 0:08:38]} Rxg6
{[%clk 0:00:54]} 42. Qc5 {[%clk 0:05:42]} e6 {[%clk 0:23:14]} 43. Rh3 {[%clk
0:35:34]} Qf4 {[%clk 0:18:43]} 44. Qe7+ {[%clk 0:29:25]} Rf7 {[%clk 0:18:49]}
45. Qe8 {[%clk 0:29:44]} Qf5 {[%clk 0:16:46]} 46. Qd8 {[%clk 0:25:19]} Qxg5
{[%clk 0:13:01]} 47. Qd6 {[%clk 0:24:23]} e4 {[%clk 0:10:08]} 48. Rh5 {[%clk
0:22:14]} Qg4 {[%clk 0:05:31]} 49. Qe5 {[%clk 0:21:54]} Qf4 {[%clk 0:03:11]}
50. Qd4 {[%clk 0:18:26]} e3 {[%clk 0:02:25]} 51. Qd3 {[%clk 0:16:41]} Qg3
{[%clk 0:01:48]} 52. R5h3 {[%clk 0:16:57]} Qg5 {[%clk 0:01:57]} 53. Rxe3 {[%clk
0:16:57]} Qf5 {[%clk 0:02:14]} 54. Qd2 {[%clk 0:15:24]} Qf2 {[%clk 0:00:36]}
55. Re2 {[%clk 0:15:22]} Qf4 {[%clk 0:00:55]} 56. Qd3 {[%clk 0:14:46]} Qf5
{[%clk 0:01:05]} 57. Qc4 {[%clk 0:13:42]} Qd5 {[%clk 0:01:07]} 58. Qh4 {[%clk
0:13:42]} Qf3 {[%clk 0:01:03]} 59. Rd2 {[%clk 0:13:04]} Qf6 {[%clk 0:00:31]}
60. Qe4 {[%clk 0:12:22]} Qf5 {[%clk 0:00:45]} 61. Qd4 {[%clk 0:11:44]} Qd5
{[%clk 0:00:44]} 62. Re1 {[%clk 0:07:32]} Qxd4 {[%clk 0:00:50]} 63. Rxd4 {[%clk
0:07:59]} Kxh6 {[%clk 0:01:04]} 64. Rde4 {[%clk 0:07:07]} Re7 {[%clk 0:01:19]}
65. Ka2 {[%clk 0:07:06]} 1/2-1/2